00779nam a22002057a 450000500170000001000150001702000250003203500130005703700130007008200120008324501170009526000440021227000690025630000280032550000400035370000140039394200260040799900170043395201230045020130913145852.0 aENG-108150 a9788170580231c70.00 aEN-91683 bDBAD/PUB a181.499 aSteps to freedom and mastery :ccompiled by A.S. Dasbselection from the works of Sri Auorbindo and the Mother / aPondicherrybSri Aurobindo Ashramc2012 bPondicherrye605002aSri Aurobindo Ashram Publication Department axxviii,181p.c20cm(pbk) aIncludes bibliographical references aDas, A.S. 2ddccENmSTEh181.499 c78075d78075 001040718NFICaDBADbDBADd2013-07-26eDBAD/PUBg70.00l0o181.499 STEpEN-91683r2013-07-26 00:00:00t1v70.00yEN